| 000 | 00613nam a22002297a 4500 | ||
|---|---|---|---|
| 003 | UA-OsUOA | ||
| 001 | 62518 | ||
| 007 | ta | ||
| 008 | 20090901b un ||||| |||| 00| 0 ukr d | ||
| 100 | _aКотон В.Л. | ||
| 090 |
_a53 _bК73 |
||
| 942 | _cBK | ||
| 040 |
_aUA-OsUOA _bukr _cUA-OsUOA _dUA-OsUOA |
||
| 245 | _aРозрахунки силових трансформаторів, згладжуючих фільтрів | ||
| 300 | _a48 с. | ||
| 955 | _a2 | ||
| 041 | _aukr | ||
| 080 | _a53 | ||
| 260 |
_aК. _bРадянська школа _c1953 |
||
| 650 | 7 |
_a53 Фізика _2UDC |
|
| 999 |
_c348602 _d348602 |
||